| 000 | 00437nam a22001217a 4500 | ||
|---|---|---|---|
| 008 | 141107b xxu||||| |||| 00| 0 eng d | ||
| 050 | _aPS3042 1985 | ||
| 100 |
_aThoreau, Henry David _912512 |
||
| 245 |
_a Henry David Thoreau _ba week on the concord and merrimack rivers; walden; the marne woods; cape cod _cRobert F. Sayre ed. |
||
| 260 |
_aNew York _bThe Library of America _c1985 |
||
| 300 |
_a1114p. ; _c21cm. |
||
| 942 |
_2lcc _cMONOGRAPH |
||
| 999 |
_c121206 _d121206 |
||